000 00300nam a2200121 a 4500
005 20140414132114.0
008 110824s19uu xx 00 eng d
050 _aFIC
_bD11 1966
100 _aDahl, Roald
245 _aThe magic finger.
260 _aU.S.A :
_bHarperCollins,
_c1966.
999 _c114853
_d114853